000 02175nam0a2200385 4500
001 RU\NLR\BIBL_A\022273320
005 20240807155443.0
010 _a978-5-7253-3200-1
_9500
021 _aRU
_bКН-П-24-030072
_9КН-П-24-3056
035 _a(NLR Aleph) 022273320
090 _a12362492
_c12362492
100 _a20240708d2024 u y0rusy50 ca
101 0 _arus
102 _aRU
105 _ay|||ac||000yd
181 0 _ai
_baxxe
182 0 _an
200 1 _aПрофессор Юрий Васильевич Кузьмин
_eбиобиблиографический указатель
_fМинистерство науки и высшего образования Российскй Федерации, Байкальский государственный университет, Научная библиотека
_gсоставитель: А. Н. Бурзунова
_gредколлегия: О. П. Грибунов, И. С. Минулина
_gвступ. ст. Д. Я. Майдачевского
203 _aТекст
_bвизуальный
_cнепосредственный
210 _aИркутск
_cИздательский дом БГУ
_d2024
215 _a85, [1] с.
_d21
225 1 _aНаука БГУ в библиографическом отражении
_vвып. 15
600 1 _aКузьмин
_bЮ. В.
_gЮрий Васильевич
_f1954-
_2nlr_sh2
_3RU\NLR\AUTH\6601552656
686 1 _aТ1(2)74-8я1
702 1 _aБурзунова
_bА. Н.
_gАнна Николаевна
_4220
702 1 _aГрибунов
_bО. П.
_gОлег Павлович
_4340
702 1 _aМайдачевский
_f1960-
_gДмитрий Ярославович
_3RU\NLR\AUTH\770256808
_4080
702 1 _aКузьмин
_bЮ. В.
_cд-р ист. наук
_f1954-
_gЮрий Васильевич
_3RU\NLR\AUTH\7779555
_4280
712 0 2 _aБайкальский государственный университет
_cИркутск
_bНаучная библиотека
_3RU\NLR\AUTH\880612632
_4570
942 _cBOOK
980 _aNB